Environment And Use Of Natural Resources (Record no. 62461)
[ view plain ]
| 000 -LEADER | |
|---|---|
| fixed length control field | 00520nam a22001817a 4500 |
| 003 - CONTROL NUMBER IDENTIFIER | |
| control field | NUST - PNEC |
| 005 - DATE AND TIME OF LATEST TRANSACTION | |
| control field | 20170116180749.0 |
| 008 - FIXED-LENGTH DATA ELEMENTS--GENERAL INFORMATION | |
| fixed length control field | 150228b xxu||||| |||| 00| 0 eng d |
| 020 ## - INTERNATIONAL STANDARD BOOK NUMBER | |
| International Standard Book Number | 8183770673 |
| 040 ## - CATALOGING SOURCE | |
| Transcribing agency | LIBRARY |
| 082 ## - DEWEY DECIMAL CLASSIFICATION NUMBER | |
| Classification number | 577 SHA |
| 100 ## - MAIN ENTRY--PERSONAL NAME | |
| 9 (RLIN) | 1556 |
| Personal name | Sharama Kr Sushil |
| 245 ## - TITLE STATEMENT | |
| Title | Environment And Use Of Natural Resources |
| Statement of responsibility, etc. | Sharma, Sushil K |
| 260 ## - PUBLICATION, DISTRIBUTION, ETC. | |
| Place of publication, distribution, etc. | New Delhi |
| Name of publisher, distributor, etc. | Mahaveer & Sons |
| Date of publication, distribution, etc. | C 2006 |
| 300 ## - PHYSICAL DESCRIPTION | |
| Extent | 324 . : |
| 650 ## - SUBJECT ADDED ENTRY--TOPICAL TERM | |
| 9 (RLIN) | 1557 |
| Topical term or geographic name entry element | Environment and Use of Natural Resources |
| General subdivision | Histry |
| 942 ## - ADDED ENTRY ELEMENTS (KOHA) | |
| Source of classification or shelving scheme | |
| Koha item type | Book |
| Withdrawn status | Lost status | Source of classification or shelving scheme | Damaged status | Not for loan | Permanent Location | Current Location | Shelving location | Date acquired | Source of acquisition | Cost, normal purchase price | Total Checkouts | Full call number | Barcode | Date last seen | Cost, replacement price | Price effective from | Koha item type |
|---|---|---|---|---|---|---|---|---|---|---|---|---|---|---|---|---|---|
| Pakistan Navy Engineering College (PNEC) | Pakistan Navy Engineering College (PNEC) | 09/17/2007 | M/e Eapital Book Co | 1504.50 | 577 SHA | PNECLIB-028463 | 02/28/2015 | 1504.50 | 09/17/2007 | Book |
